مغامرات الكلاب / (رقم التسجيلة. 95321)

تفاصيل مارك
000 -LEADER
fixed length control field 00472nam a22001697a 4500
005 - DATE AND TIME OF LATEST TRANSACTION
control field 20251108173052.0
008 - FIXED-LENGTH DATA ELEMENTS--GENERAL INFORMATION
fixed length control field 250721s9999 xx 000 0 ara d
082 14 - DEWEY DECIMAL CLASSIFICATION NUMBER
Classification number ط/ق/مغا
245 10 - TITLE STATEMENT
Title مغامرات الكلاب /
264 1# - PRODUCTION, PUBLICATION, DISTRIBUTION, MANUFACTURE, AND COPYRIGHT NOTICE
Place of production, publication, distribution, manufacture حلب :
Name of producer, publisher, distributor, manufacturer دار ربيع للنشر،
Date of production, publication, distribution, manufacture, or copyright notice {19-}.
300 ## - PHYSICAL DESCRIPTION
Extent 8ص.
650 17 - SUBJECT ADDED ENTRY--TOPICAL TERM
Topical term or geographic name as entry element ادب الأطفال
650 17 - SUBJECT ADDED ENTRY--TOPICAL TERM
Topical term or geographic name as entry element القصص
653 ## - INDEX TERM--UNCONTROLLED
Uncontrolled term اطفال مرحله متوسطه(6-9-سنه)
942 ## - ADDED ENTRY ELEMENTS (KOHA)
Source of classification or shelving scheme Dewey Decimal Classification
Koha item type كتب
المقتنيات
حالة السحب حالة الفقدان مصدر التصنيف حالة التلف غير قابل للإعارة المكتبة الرئيسية المكتبة الحالية موقع الرف تاريخ التزويد الرقم المتسلسل Total Checkouts رقم الإستدعاء الباركود تاريخ آخر ظهور تاريخ الفاتورة نوع المادة (كوها)
    Dewey Decimal Classification     مكتبة الراية الهاشمية للأطفال مكتبة الراية الهاشمية للأطفال الأطفال 12/09/2015 416393   ط/ق/مغا PLD00346089 28/07/2025 12/09/2015 كتب
    Dewey Decimal Classification     مكتبة النصر العامة مكتبة النصر العامة الأطفال 09/07/2008 416401   ط/ق/مغا PLD00026502 28/07/2025 09/07/2008 كتب
    Dewey Decimal Classification     مكتبة بدر للأطفال مكتبة بدر للأطفال الأطفال 10/08/2022 416391   ط/ق/مغا PLD00498837 28/07/2025 10/08/2022 كتب
    Dewey Decimal Classification     مكتبة وادي السير العامة مكتبة وادي السير العامة الأطفال 12/08/2008 416388   ط/ق/مغا PLD00034092 28/07/2025 12/08/2008 كتب
    Dewey Decimal Classification     مكتبةمؤتة مكتبةمؤتة الأطفال 14/07/2008 416399   ط/ق/مغا PLD00028243 28/07/2025 14/07/2008 كتب
Implemented & Customized by: BBB with SCIT (Smart Chains for Information Technology)

Powered by Koha